000 01042nam a22002777a 4500
005 20111117103211.0
008 111117t xxu||||| |||| 00| 0 eng d
010 _aENG-104126
020 _a9780070681880
_c550.00
035 _aEN-87659
037 _bDBAD/PUB
040 _aDPL
_bEng
082 _a511.1
100 1 _aRosen, Kenneth H.
_935868
245 1 0 _aDiscrete mathematics & applications with combinatorics and graph theory /
_cby Kenneth H. Rosen ; Indian adaptation by Kamala Krithivasan
250 _a7th ed
260 _aNew Delhi
_bTata McGraw-Hill
_c2011
270 _a7 West Patel Nagar
_bNew Delhi
_e110008
300 _avarious pagings
_c25cm (pbk)
500 _aIncludes index.
650 0 _935869
700 1 _935871
942 _2ddc
_cEN
_mROS
_h511.1
999 _c58457
_d58457